Alle Berlin Tag und Nacht Charaktere 1 - Statistiken

Allgemein
  • Dieses Quiz wurde 106 mal gespielt
  • Das Durchschnittsergebnis liegt bei 16 aus 23
Antwortstatistiken
Bildquiz Antwort % Korrekt
Krätze
96%
Milla
93%
Ole
91%
Paula
91%
Joe
89%
Peggy
89%
Basti
88%
Fabrizio
80%
Kim
79%
Schmidti
78%
Piet
75%
Dean
70%
Mike
70%
Olivia
70%
Rick
70%
JJ
58%
Andre
51%
Lynn
46%
Conner
42%
Miri
37%
Tony
37%
Denny
34%
Nino
30%
Keine übereinstimmenden Quizze gefunden
Verteilung der Resultate
Anzahl Personen mit jedem Resultat
Perzentil nach korrekt beantworteten Fragen
Ihre Resultats-Entwicklung
Sie haben dieses Quiz noch nicht gespielt